LIBRARY & INFORMATION CENTRE, KCAET, TAVANUR

ONLINE PUBLIC ACCESS CATALOGUE (OPAC)

George Eliot`s Adame Bede / (Record no. 2365)

MARC details
000 -LEADER
fixed length control field 00373cam a2200157ua 4500
003 - CONTROL NUMBER IDENTIFIER
control field OSt
008 - FIXED-LENGTH DATA ELEMENTS--GENERAL INFORMATION
fixed length control field 240119b |||||||| |||| 00| 0 eng d
041 ## - LANGUAGE CODE
Language code of text/sound track or separate title eng
082 ## - DEWEY DECIMAL CLASSIFICATION NUMBER
Classification number 828.09
Item number MUL/GE
100 ## - MAIN ENTRY--AUTHOR NAME
Personal name Mallik, B R .
245 ## - TITLE STATEMENT
Title George Eliot`s Adame Bede /
250 ## - EDITION STATEMENT
Edition statement 1 /
260 ## - PUBLICATION, DISTRIBUTION, ETC. (IMPRINT)
Place of publication New Delhi :
Name of publisher S.Chand & Sons ,
Year of publication 1961.
300 ## - PHYSICAL DESCRIPTION
Number of Pages 30 ; .
942 ## - ADDED ENTRY ELEMENTS (KOHA)
Koha item type Books
Holdings
Withdrawn status Lost status Damaged status Home library Current library Date acquired Full call number Accession Number Koha item type
Withdrawn     KAUAET Sanskrit University 07/04/2012 828.09 MAL/GE 10001 Books
free website counter